Statistics for ""新(しん)"が付く新幹線の駅名"

Click here to take the quiz!

General Stats

  • This quiz has been taken 1,135 times
    (1,134 since last reset)
  • The average score is 14 of 19

Answer Stats

都道府県駅名% Correct
東海道大阪府新大阪駅
96%
東北青森県新青森駅
94%
東海道神奈川県新横浜駅
93%
山陽兵庫県新神戸駅
91%
北海道北海道新函館北斗駅
90%
山陽山口県新山口駅
86%
東海道静岡県新富士駅
84%
山陽山口県新下関駅
81%
山陽岡山県新倉敷駅
78%
北陸富山県新高岡駅
74%
九州佐賀県新鳥栖駅
73%
九州熊本県新八代駅
69%
山陽山口県新岩国駅
68%
山陽広島県新尾道駅
67%
東北福島県新白河駅
64%
東北岩手県新花巻駅
62%
九州熊本県新水俣駅
62%
九州福岡県新大牟田駅
58%
九州熊本県新玉名駅
54%

Score Distribution

Percentile by Number Answered

Percent of People with Each Score

Your Score History

You have not taken this quiz since the last reset